Statistiques concernant Test de rapidité : le clavier

Cliquez ici pour prendre le quiz!

Statistiques générales

  • Ce quiz a été pris 2 521 fois
  • Le résultat moyen est 20 sur 100

Statistiques - réponses

Entrez un chiffre ici% Correct
1
100%
2
97%
3
96%
4
93%
5
92%
6
91%
7
90%
8
88%
9
87%
10
79%
11
77%
12
71%
13
69%
14
67%
15
66%
16
64%
17
60%
18
57%
19
55%
20
49%
21
46%
22
41%
23
36%
24
34%
25
32%
26
31%
27
29%
28
27%
29
25%
30
20%
31
16%
32
14%
33
11%
34
9%
35
8%
36
7%
37
5%
38
4%
39
4%
40
2%
41
1%
42
1%
43
1%
44
1%
100
0%
45
0%
46
0%
47
0%
48
0%
49
0%
50
0%
51
0%
52
0%
53
0%
54
0%
55
0%
56
0%
57
0%
58
0%
59
0%
60
0%
61
0%
62
0%
63
0%
64
0%
65
0%
66
0%
67
0%
68
0%
69
0%
70
0%
71
0%
72
0%
73
0%
74
0%
75
0%
76
0%
77
0%
78
0%
79
0%
80
0%
81
0%
82
0%
83
0%
84
0%
85
0%
86
0%
87
0%
88
0%
89
0%
90
0%
91
0%
92
0%
93
0%
94
0%
95
0%
96
0%
97
0%
98
0%
99
0%

Distribution des résultats

Percentile par nombre de réponses

% des personnes avec chaque résultat

Votre développement - résultats

Vous n’avez pas pris ce quiz